000 00771nam a2200217Ia 4500
003 GCL
008 140319s9999 xx 000 0 ara d
040 _aGCL /
_cGCL
082 0 4 _a955
_bو ا
100 1 _aوليد محمود عبدالناصر
245 1 0 _aايران وللثورة وجوة متعددة: قصة صعود وسقوط التيار الاسلامى التقدمى فى ايران من 1965 الى 1981 /
_cوليد محمود عبدالناصر
260 _a[S.N] :
_bدار المستقبل العربى ،
_c1993
300 _a152 ص
490 _a
650 0 4 _aتاريخ
650 0 4 _aايران
650 0 4 _aفتح فارس
650 0 4 _aالثورة الاسلامية
650 0 4 _aالثورة الايرانية
942 _2ddc
_cBK
999 _c43027
_d43027